<?xml version="1.0" encoding="UTF-8"?>
<record
    xmlns:xsi="http://www.w3.org/2001/XMLSchema-instance"
    xsi:schemaLocation="http://www.loc.gov/MARC21/slim http://www.loc.gov/standards/marcxml/schema/MARC21slim.xsd"
    xmlns="http://www.loc.gov/MARC21/slim">

  <leader>00289nam a2200109Ia 4500</leader>
  <controlfield tag="001">588900</controlfield>
  <controlfield tag="005">20250717120839.0</controlfield>
  <controlfield tag="008">250717s9999    xx            000 0 und d</controlfield>
  <datafield tag="245" ind1=" " ind2="0">
    <subfield code="a">Y-7 B&#xDC;T&#xDC;N D&#xDC;NYA HEK&#x130;M&#x130; &#x130;BN&#x130; S&#x130;NA</subfield>
    <subfield code="c">S&#xDC;HEYLA SANCAR</subfield>
  </datafield>
  <datafield tag="260" ind1=" " ind2=" ">
    <subfield code="b">ERDEM YAYINLARI</subfield>
    <subfield code="c">2020</subfield>
  </datafield>
  <datafield tag="300" ind1=" " ind2=" ">
    <subfield code="b">81</subfield>
  </datafield>
  <datafield tag="999" ind1=" " ind2=" ">
    <subfield code="c">588900</subfield>
    <subfield code="d">588900</subfield>
  </datafield>
</record>
